Heart of darkness and other tales / (رقم التسجيلة. 39939)

تفاصيل مارك
000 -الفاتح
حقل البيانات ثابتة الطول 02543cam a2200421Ia 4500
001 - رقم الضبط
رقم الضبط 192027120
003 - محدد رقم الضبط
رقم الضبط OSt
005 - وقت وتاريخ اخر تعامل مع التسجيلة
رقم الضبط 20161205095416.0
008 - عناصر البيانات ثابتة الطول - معلومات عامة
حقل البيانات ثابتة الطول 080130s2008 enkb b 001 j eng d
020 ## - الرقم الدولى المعيارى للكتب
الرقم الدولى المعيارى للكتاب 9780199536016
Qualifying information (pbk.)
020 ## - الرقم الدولى المعيارى للكتب
الرقم الدولى المعيارى للكتاب 0199536015
Qualifying information (pbk.)
035 ## - رقم ضبط النظام
رقم ضبط النظام (OCoLC)192027120
040 ## - مصدر الفهرسة
وكالة الفهرسة الأصلية UKM
لغة الفهرسة eng
وكالة النسخ UKM
وكالة التعديل BTCTA
-- BAKER
-- YDXCP
-- OCLCG
-- OSU
-- SGB
-- BDX
-- LMJ
-- UPZ
-- OCLCF
-- OCLCA
-- TWJ
-- OCLCO
-- OCL
-- OCLCQ
-- MRC
043 ## - رمز المنطقة الجغرافية
رمز المنطقة الجغرافية f------
-- e-uk---
082 04 - رقم تصنيف ديوى العشرى
رقم التصنيف 823.914
رقم الطبعة 22
رقم المادة CGH
090 ## - رقم الضبط المحلى
رقم تصنيف (OCLC) (R) ;رقم تصنيف, CALL (RLIN) (NR) PR6005.O4
كتر محلي OCLC رقم كتاب / رقم طلب غير مقسم,رقم RLIN( غير مكرر) H4 2008
100 1# - المدخل الرئيسى - إسم شخصى
الإسم الشخصى Conrad, Joseph,
التواريخ المصاحبة للاسم 1857-1924.
9 (RLIN) 57093
245 10 - بيان العنوان
العنوان Heart of darkness and other tales /
بيان المسئوليه,etc Joseph Conrad ; edited with an introduction and notes by Cedric Watts.
250 ## - بيان الطبعة
بيان الطبعة Rev. ed.
260 ## - PUBLICATION, DISTRIBUTION, ETC. (IMPRINT)
مكان الناشر او الموزع Oxford :
اسم الناشر او الموزع Oxford University Press,
تاريخ النشر أو التوزيع 2008.
300 ## - الوصف المادى
التعداد xliv, 225 pages :
تفاصيل ماديه اخرى للوعاء map ;
أبعاد الوعاء 20 cm.
490 1# - بيان السلسلة
عنوان السلسلة Oxford world's classics
490 1# - بيان السلسلة
عنوان السلسلة Oxford world's classics (Oxford University Press)
500 ## - تبصرة عامة
تبصرة عامة Previous edition: 2002.
504 ## - تبصرة ببليوجرافية
تبصرة ببليوجرافية,الخ Includes bibliographical references (pages xxxii-xxxvi) and index.
505 0# - تبصرة محتويات-الفهرس
تبصرة المحتويات المصاغة An outpost of progress -- Karain : a memory -- Youth : a narrative -- Heart of darkness.
520 ## - التبصرة الخاصة بالتعليق أو التلخيص
ملخص,الخ Set in an atmosphere of mystery and menace, Heart of Darkness tells the story of Marlow's journey up the Congo River to meet the remarkable Mr. Kurtz. It reveals Conrad at the height of his powers as a writer of great vividness, intensity, and sophistication. An Outpost of Progress is also set in central Africa and offers a fiercely sardonic view of European imperialism. Karain, with its Malaysian setting, questions conventional ideas of the contrasts between races. Youth is a largely autobiographical account of an ill-fated voyage in which Marlow makes his first appearance. The four tales variously appraise the glamour, folly, and rapacity of imperial adventure. All are concerned with illusions and all, in their diverse ways, display the brilliance of Joseph Conrad, creator of exotic vistas, adventurous narratives, and acutely ironic insights into human nature and the bases of civilization. - Back cover.
650 #0 - المدخل الاضافى بالموضوع-مصطلح موضوعى
مصطلح موضوعي أو اسم جغرافي كعنصر مدخل Europeans
التقسيم الفرعي الجغرافي Africa
التقسيم الفرعي الشكلي Fiction.
9 (RLIN) 57094
650 #0 - المدخل الاضافى بالموضوع-مصطلح موضوعى
مصطلح موضوعي أو اسم جغرافي كعنصر مدخل Suffering
التقسيم الفرعي الشكلي Fiction.
9 (RLIN) 57095
651 #0 - المدخل الاضافى بالموضوع - اسم جغرافى
الاسم الجغرافي Great Britain
التقسيم الفرعي العام Colonies
التقسيم الفرعي الجغرافي Africa
التقسيم الفرعي الشكلي Fiction.
9 (RLIN) 57096
700 1# - المدخل الاضافى - اسم شخصى
الإسم الشخصى Watts, Cedric,
التواريخ المصاحبة للاسم 1937-
9 (RLIN) 57097
740 02 - المدخل الاضافى - عنوان مرتبط/تحليلى غير مقيد
العنوان التحليلي/ الرابط غير مقيد Outpost of progress.
740 02 - المدخل الاضافى - عنوان مرتبط/تحليلى غير مقيد
العنوان التحليلي/ الرابط غير مقيد Karain: a memory.
740 02 - المدخل الاضافى - عنوان مرتبط/تحليلى غير مقيد
العنوان التحليلي/ الرابط غير مقيد Youth: a narrative.
830 #0 - المدخل الاضافى بالسلسلة -عنوان موحد
عنوان موحد Oxford world's classics.
9 (RLIN) 57098
830 #0 - المدخل الاضافى بالسلسلة -عنوان موحد
عنوان موحد Oxford world's classics (Oxford University Press)
9 (RLIN) 57099
942 ## - عناصر المدخل الإضافي( كوها)
مصدر التصنيف او مخطط الترفيف Dewey Decimal Classification
Koha [default] item type كتاب
المقتنيات
حالة الفقد نموذج السعر الفعال حالة تلف ليس للاعارة رقم الطلب تاريخ الاكتساب الموقع الحالي الباركود الفرع الرئيسي Date last seen نوع المادة فى نظام كوها مصدر التصنيف او خطة الترفيف Total Checkouts Date last checked out
  2016-12-15     823.914 CGH 2016-12-15 المكتبة المركزية بالمجمعة (CL) 00654945 المكتبة المركزية بالمجمعة (CL) 2016-12-15 كتاب Dewey Decimal Classification    
  2016-12-15     823.914 CGH 2016-12-15 المكتبة المركزية بالمجمعة (CL) 00654946 المكتبة المركزية بالمجمعة (CL) 2016-12-15 كتاب Dewey Decimal Classification    
  2016-12-15     823.914 CGH 2016-12-15 المكتبة المركزية بالمجمعة (CL) 00654947 المكتبة المركزية بالمجمعة (CL) 2020-11-19 كتاب Dewey Decimal Classification 2 2020-08-30
  2016-12-21     823.914 CGH 2016-12-21 قسم الاجراءات الفنية (IC) 00655768 قسم الاجراءات الفنية (IC) 2016-12-21 كتاب Dewey Decimal Classification    
  2016-12-21     823.914 CGH 2016-12-21 قسم الاجراءات الفنية (IC) 00655769 قسم الاجراءات الفنية (IC) 2016-12-21 كتاب Dewey Decimal Classification    
  2016-12-21     823.914 CGH 2016-12-21 كلية الشريعة والقانون - طالبات 00655770 كلية الشريعة والقانون - طالبات 2018-04-15 كتاب Dewey Decimal Classification 1 2018-03-28
  2016-12-21     823.914 CGH 2016-12-21 كلية الشريعة والقانون - طالبات 00655771 كلية الشريعة والقانون - طالبات 2016-12-21 كتاب Dewey Decimal Classification